| 000 | 00429 a2200169 4500 | ||
|---|---|---|---|
| 003 | OSt | ||
| 005 | 20250903150313.0 | ||
| 008 | 250903b |||||||| |||| 00| 0 eng d | ||
| 020 | _a9788197306464 | ||
| 041 | _aEnglish | ||
| 100 |
_aJain N. _9109186 |
||
| 245 |
_aIntelligent Forensics _b: Innovations And Applications |
||
| 260 |
_bMillennium Enterprises _c2025 |
||
| 300 | _a323 | ||
| 700 |
_aKumar M. _9108085 |
||
| 942 | _cBK | ||
| 999 |
_c367406 _d367406 |
||